[Event "Berlin-ch Seniors op 34th"]
[Site "Berlin"]
[Date "2018.02.07"]
[Round "8"]
[White "Roloff, Karsten"]
[Black "Mueller, Erhard"]
[Result "1-0"]
[WhiteElo "1566"]
[BlackElo "1820"]
[PlyCount "119"]
[EventDate "2018.01.30"]
[EventType "swiss"]
[EventRounds "9"]
[EventCountry "GER"]
[SourceTitle "EXT 2020"]
[Source "ChessBase"]
[SourceDate "2019.10.17"]
[SourceVersion "1"]
[SourceVersionDate "2019.10.17"]
[SourceQuality "1"]

1. d4 Nf6 2. Bg5 e6 3. Nf3 d5 4. e3 Nbd7 5. Bd3 h6 6. Bf4 Nh5 7. Be5 Nxe5 8. Nxe5 Nf6 9. Nd2 c5 10. Bb5+ Bd7 11. Nxd7 Nxd7 12. c3 a6 13. Ba4 b5 14. Bc2 cxd4 15. exd4 Qg5 16. 0-0 Bd6 17. Nf3 Qe7 18. a3 Nb6 19. Nd2 Qc7 20. g3 0-0-0 21. a4 b4 22. cxb4 Bxb4 23. Rc1 Kb8 24. Bd3 Qb7 25. a5 Bxd2 26. Qxd2 Nd7 27. Qf4+ Ka8 28. Qxf7 Nc5 29. Qxb7+ Nxb7 30. Bxa6 Nxa5 31. Rc7 Rd6 32. Be2 Kb8 33. Rxg7 Nb3 34. Rd1 Rc6 35. Bg4 Rc4 36. Bxe6 Rc1 37. Rxc1 Nxc1 38. Bxd5 Ne2+ 39. Kg2 Nxd4 40. Rg8+ Rxg8 41. Bxg8 Kc7 42. f4 Nf5 43. Bh7 Nd4 44. Bd3 Ne6 45. b4 Kd6 46. Bc4 Nd4 47. h4 Nc2 48. Kf3 Nxb4 49. Kg4 Ke7 50. Kh5 Nc6 51. Kxh6 Kf6 52. g4 Ne7 53. f5 Nc6 54. Be6 Ne5 55. g5+ Ke7 56. Kg7 Nc6 57. h5 Nd8 58. h6 Ke8 59. h7 Ke7 60. h8Q 1-0

[Event "GER-chB Seniors 29th"]
[Site "Berlin"]
[Date "2017.08.11"]
[Round "4"]
[White "Mueller, Erhard"]
[Black "Kundt, Guenther"]
[Result "1/2-1/2"]
[WhiteElo "1857"]
[BlackElo "1732"]
[PlyCount "24"]
[EventDate "2017.08.07"]
[EventType "swiss"]
[EventRounds "9"]
[EventCountry "GER"]
[SourceTitle "EXT 2019"]
[Source "ChessBase"]
[SourceDate "2018.10.10"]
[SourceVersion "1"]
[SourceVersionDate "2018.10.10"]
[SourceQuality "1"]

1. d4 d5 2. Nf3 Nf6 3. e3 Bg4 4. Nbd2 e6 5. Be2 c5 6. Ne5 Bxe2 7. Qxe2 Bd6 8. Qb5+ Nbd7 9. f4 Qc7 10. c3 c4 11. 0-0 a6 12. Qa4 b5 1/2-1/2

[Event "GER-chB Seniors 29th"]
[Site "Berlin"]
[Date "2017.08.11"]
[Round "5"]
[White "Nemoj, Ilja"]
[Black "Mueller, Erhard"]
[Result "1-0"]
[WhiteElo "1775"]
[BlackElo "1857"]
[PlyCount "57"]
[EventDate "2017.08.07"]
[EventType "swiss"]
[EventRounds "9"]
[EventCountry "GER"]
[SourceTitle "EXT 2019"]
[Source "ChessBase"]
[SourceDate "2018.10.10"]
[SourceVersion "1"]
[SourceVersionDate "2018.10.10"]
[SourceQuality "1"]

1. e4 d6 2. Bc4 Nf6 3. d3 Nbd7 4. Nc3 e5 5. f4 Be7 6. Nf3 0-0 7. f5 c6 8. Be3 a5 9. a3 Ng4 10. Bc1 Qb6 11. Qe2 Qc7 12. h3 Ngf6 13. 0-0 b5 14. Ba2 Ba6 15. g4 d5 16. g5 Nh5 17. Kh2 dxe4 18. Nxe4 g6 19. Nh4 Nf4 20. Qg4 Nc5 21. fxg6 Nxe4 22. gxf7+ Kh8 23. dxe4 Bc8 24. Nf5 Ng6 25. h4 Nf4 26. h5 Be6 27. g6 hxg6 28. hxg6 Nxg6 29. Qh5# 1-0

[Event "GER-chB Seniors 27th"]
[Site "Magdeburg"]
[Date "2015.08.22"]
[Round "8"]
[White "Mueller, Erhard"]
[Black "Essig, Gerd"]
[Result "1-0"]
[WhiteElo "1909"]
[BlackElo "1744"]
[PlyCount "105"]
[EventDate "2015.08.15"]
[EventType "swiss"]
[EventRounds "9"]
[EventCountry "GER"]
[SourceTitle "EXT 2018"]
[Source "ChessBase"]
[SourceDate "2017.10.13"]
[SourceVersion "1"]
[SourceVersionDate "2017.10.13"]
[SourceQuality "1"]

1. d4 e6 2. Nf3 Nf6 3. Nbd2 Be7 4. c3 d5 5. Qc2 c5 6. e4 dxe4 7. Nxe4 cxd4 8. Nxd4 e5 9. Nf3 0-0 10. Be2 Nc6 11. 0-0 Nxe4 12. Qxe4 Kh8 13. Rd1 Qc7 14. Bg5 f5 15. Qh4 h6 16. Bxe7 Nxe7 17. Rd2 e4 18. Nd4 Ng6 19. Qg3 Qxg3 20. hxg3 Ne5 21. Rad1 Bd7 22. b3 a6 23. Nc2 Bc6 24. Nb4 a5 25. Nc2 Rf7 26. Ne3 g6 27. Bc4 Re7 28. Bd5 Rd8 29. Bxc6 Rxd2 30. Rxd2 bxc6 31. Rd4 Kg7 32. Nc4 c5 33. Rd5 Nxc4 34. bxc4 e3 35. Kf1 exf2 36. Kxf2 Rb7 37. Ke3 Rb2 38. Rxc5 Rxa2 39. Kd4 a4 40. Ra5 a3 41. c5 Rd2+ 42. Kc4 Kf7 43. Rxa3 Ke6 44. Ra6+ Kf7 45. Rd6 Ra2 46. Kd5 Rc2 47. c4 Rd2+ 48. Kc6 Rc2 49. Rd4 Rxg2 50. Kd7 Rxg3 51. c6 Rg4 52. Rxg4 fxg4 53. c7 1-0

[Event "GER-chB Seniors 27th"]
[Site "Magdeburg"]
[Date "2015.08.18"]
[Round "4"]
[White "Dobbert, Bernd"]
[Black "Mueller, Erhard"]
[Result "1-0"]
[WhiteElo "1318"]
[BlackElo "1909"]
[PlyCount "89"]
[EventDate "2015.08.15"]
[EventType "swiss"]
[EventRounds "9"]
[EventCountry "GER"]
[SourceTitle "EXT 2018"]
[Source "ChessBase"]
[SourceDate "2017.10.13"]
[SourceVersion "1"]
[SourceVersionDate "2017.10.13"]
[SourceQuality "1"]

1. Nf3 d5 2. d4 e6 3. e3 c5 4. b3 Nf6 5. Bd3 g6 6. Bb2 Bg7 7. Nbd2 cxd4 8. Bxd4 0-0 9. c4 Nc6 10. Bc3 Re8 11. 0-0 e5 12. Bc2 d4 13. exd4 exd4 14. Bb2 Qb6 15. Re1 Bg4 16. h3 Bd7 17. Rxe8+ Rxe8 18. Qf1 Nb4 19. Bxd4 Qc6 20. Bd3 Ne4 21. Bxe4 Rxe4 22. Bxg7 Kxg7 23. Nxe4 Qxe4 24. Qe1 Qxe1+ 25. Rxe1 a6 26. Re7 Be6 27. a3 Nc2 28. a4 b5 29. axb5 axb5 30. cxb5 Nb4 31. Nd4 Kf6 32. Ra7 Bd5 33. b6 Ke5 34. b7 Na6 35. Rxa6 Bxb7 36. Nf3+ Kf5 37. Ra5+ Ke6 38. b4 h6 39. Kf1 f5 40. Nd4+ Kf6 41. f4 h5 42. h4 Be4 43. g3 Bb7 44. Kf2 Be4 45. b5 1-0

[Event "Berlin-ch Seniors op 31st"]
[Site "Berlin"]
[Date "2015.02.02"]
[Round "4"]
[White "Mueller, Erhard"]
[Black "Sehm, Andreas"]
[Result "1-0"]
[WhiteElo "1658"]
[BlackElo "1515"]
[PlyCount "37"]
[EventDate "2015.01.29"]
[EventType "swiss"]
[EventRounds "9"]
[EventCountry "GER"]
[SourceTitle "EXT 2018"]
[Source "ChessBase"]
[SourceDate "2017.10.13"]
[SourceVersion "1"]
[SourceVersionDate "2017.10.13"]
[SourceQuality "1"]

1. d4 Nf6 2. Nf3 g6 3. b3 Bg7 4. Bb2 0-0 5. e3 d5 6. Bd3 b6 7. Nbd2 Bb7 8. 0-0 Nbd7 9. c4 e6 10. cxd5 exd5 11. Rc1 c5 12. Ne5 Nxe5 13. dxe5 Ne4 14. Nxe4 dxe4 15. Be2 Qe8 16. a4 a6 17. a5 Qd8 18. Ba3 Rc8 19. Bg4 1-0

[Event "Berlin-ch Seniors op 30th"]
[Site "Berlin"]
[Date "2014.02.05"]
[Round "7"]
[White "Mueller, Erhard"]
[Black "Hoppensack, Manfred"]
[Result "0-1"]
[WhiteElo "1629"]
[BlackElo "1847"]
[PlyCount "94"]
[EventDate "2014.01.30"]
[EventType "swiss"]
[EventRounds "9"]
[EventCountry "GER"]
[SourceTitle "EXT 2018"]
[Source "ChessBase"]
[SourceDate "2017.10.13"]
[SourceVersion "1"]
[SourceVersionDate "2017.10.13"]
[SourceQuality "1"]

1. d4 d5 2. Nf3 Nc6 3. c4 e6 4. Nc3 Bb4 5. cxd5 exd5 6. Bg5 Nf6 7. e3 h6 8. Bh4 a6 9. Be2 g5 10. Bg3 Ne4 11. Rc1 h5 12. a3 Nxc3 13. bxc3 Bxa3 14. Rb1 h4 15. Be5 f6 16. Nxg5 0-0 17. Bg4 fxg5 18. Bxc8 Rxc8 19. Qh5 Nxe5 20. dxe5 Rf7 21. Qg6+ Rg7 22. Qe6+ Kh8 23. Rxb7 Be7 24. Qxa6 Ra8 25. Ra7 Rb8 26. 0-0 Bc5 27. Rb7 Ra8 28. Qb5 Bb6 29. h3 Qd7 30. Rb1 Qxb5 31. Rxb5 Ra1+ 32. Kh2 Ra5 33. Rb8+ Rg8 34. Rxg8+ Kxg8 35. Rb4 Ra2 36. Kg1 Ra1+ 37. Kh2 Rf1 38. Rg4 Rxf2 39. Rxg5+ Kf7 40. Rg4 Bxe3 41. Rxh4 Ke6 42. Rh7 c5 43. h4 Bf4+ 44. Kh3 Bxe5 45. c4 dxc4 46. Rh6+ Kd5 47. Rg6 c3 0-1

[Event "Berlin-ch Seniors op 30th"]
[Site "Berlin"]
[Date "2014.02.01"]
[Round "3"]
[White "Mueller, Erhard"]
[Black "Geist, Wolfgang"]
[Result "1-0"]
[WhiteElo "1629"]
[BlackElo "1359"]
[PlyCount "67"]
[EventDate "2014.01.30"]
[EventType "swiss"]
[EventRounds "9"]
[EventCountry "GER"]
[SourceTitle "EXT 2018"]
[Source "ChessBase"]
[SourceDate "2017.10.13"]
[SourceVersion "1"]
[SourceVersionDate "2017.10.13"]
[SourceQuality "1"]

1. d4 d5 2. Nf3 Nf6 3. Bg5 e6 4. e3 h6 5. Bh4 Be7 6. Bd3 Nbd7 7. 0-0 0-0 8. c4 c6 9. Nc3 dxc4 10. Bxc4 Nd5 11. Bg3 N7b6 12. Bb3 a5 13. e4 Nxc3 14. bxc3 a4 15. Bc2 a3 16. Qd3 Nd7 17. Bf4 Bg5 18. Bg3 Be7 19. h4 f6 20. h5 Qe8 21. d5 e5 22. Bb3 Kh8 23. Bd1 Nc5 24. Qe3 Bd6 25. Nh4 Kh7 26. Ng6 Rf7 27. Bh2 Kg8 28. Rb1 f5 29. Bxe5 Nxe4 30. Bxd6 Qd7 31. Bf4 Qd8 32. dxc6 bxc6 33. Bb3 Ba6 34. Rfd1 1-0

[Event "Berlin-ch Seniors op 28th"]
[Site "Berlin"]
[Date "2012.01.27"]
[Round "1.10"]
[White "Mueller, Erhard"]
[Black "Andersen, Knut"]
[Result "0-1"]
[WhiteElo "1602"]
[BlackElo "1995"]
[PlyCount "84"]
[EventDate "2012.01.27"]
[EventType "swiss"]
[EventRounds "9"]
[EventCountry "GER"]
[SourceTitle "EXT 2022"]
[Source "ChessBase"]
[SourceDate "2021.10.06"]
[SourceVersion "1"]
[SourceVersionDate "2021.10.06"]
[SourceQuality "1"]

1. d4 Nf6 2. Nf3 e6 3. e3 b6 4. g3 d5 5. Bg2 Ba6 6. Nbd2 c6 7. Bf1 Bxf1 8. Nxf1 Bd6 9. N1d2 0-0 10. 0-0 Nbd7 11. b3 Ne4 12. Bb2 f5 13. c4 Qf6 14. Rc1 Rac8 15. Nh4 g5 16. Ng2 f4 17. Nxe4 dxe4 18. exf4 gxf4 19. Qg4+ Qg6 20. Qxg6+ hxg6 21. Rcd1 fxg3 22. fxg3 Rxf1+ 23. Rxf1 e5 24. Kf2 exd4 25. Bxd4 Rf8+ 26. Ke2 Rxf1 27. Kxf1 Ne5 28. Bxe5 Bxe5 29. Ke2 Bd4 30. Nf4 Kf7 31. h4 Kf6 32. g4 Bc5 33. Kd2 g5 34. hxg5+ Kxg5 35. Ne6+ Kxg4 36. Nxc5 bxc5 37. Ke3 Kf5 38. Ke2 Kf4 39. Kf2 e3+ 40. Ke2 Ke4 41. Ke1 Kd3 42. Kd1 a5 0-1

[Event "Berlin-ch Seniors op 27th"]
[Site "Berlin"]
[Date "2011.01.31"]
[Round "3"]
[White "Mueller, Erhard"]
[Black "Kranch, Klaus"]
[Result "1-0"]
[WhiteElo "1632"]
[BlackElo "1494"]
[PlyCount "89"]
[EventDate "2011.01.29"]
[EventType "swiss"]
[EventRounds "9"]
[EventCountry "GER"]
[SourceTitle "EXT 2012"]
[Source "ChessBase"]
[SourceDate "2011.11.24"]
[SourceVersion "1"]
[SourceVersionDate "2011.11.24"]
[SourceQuality "1"]

1. d4 d5 2. Nf3 Nf6 3. e3 e6 4. Bd3 c5 5. c3 Nc6 6. 0-0 Be7 7. Nbd2 0-0 8. Re1 c4 9. Bc2 b5 10. e4 dxe4 11. Nxe4 Bb7 12. a3 Qc7 13. g3 Nd5 14. Qe2 a6 15. Neg5 Nf6 16. Bf4 Bd6 17. Nxe6 fxe6 18. Qxe6+ Qf7 19. Bxd6 Qxe6 20. Rxe6 Rf7 21. Ng5 Nd8 22. Re7 Rxe7 23. Bxe7 h6 24. Nh3 Nd5 25. Re1 Kf7 26. Bc5 Bc8 27. Be4 Bb7 28. Bd6 Ra7 29. Bb8 Ra8 30. Be5 Ne6 31. Nf4 Nexf4 32. Bxf4 Rd8 33. Bc7 Rd7 34. Be5 g5 35. Bf5 Re7 36. Bg4 Nf6 37. Bh3 Nd7 38. Kf1 Nxe5 39. Rxe5 Rxe5 40. dxe5 Ke7 41. f4 a5 42. f5 Kf7 43. g4 Bf3 44. Kf2 Bc6 45. Bg2 1-0

[Event "Berlin Eckbauer op 13th"]
[Site "Berlin"]
[Date "2010.10.25"]
[Round "6.24"]
[White "Radloff, Rainer"]
[Black "Mueller, Erhard"]
[Result "1-0"]
[WhiteElo "1722"]
[BlackElo "1941"]
[PlyCount "83"]
[EventDate "2010.09.13"]
[EventType "swiss"]
[EventRounds "7"]
[EventCountry "GER"]
[SourceTitle "EXT 2022"]
[Source "ChessBase"]
[SourceDate "2021.10.06"]
[SourceVersion "1"]
[SourceVersionDate "2021.10.06"]
[SourceQuality "1"]

1. Nf3 d5 2. d4 g6 3. e3 Bg7 4. Nbd2 Nf6 5. Bd3 0-0 6. 0-0 Nbd7 7. Re1 e5 8. e4 exd4 9. Nxd4 c5 10. N4f3 d4 11. h3 Qc7 12. e5 Nd5 13. e6 fxe6 14. Rxe6 Nf4 15. Re1 Ne5 16. Nxe5 Bxe5 17. Bc4+ Kg7 18. Nf3 Bd6 19. Ng5 h6 20. Bxf4 Bxf4 21. Ne6+ Bxe6 22. Rxe6 Bh2+ 23. Kf1 Qf4 24. Qe2 Bg3 25. f3 Bh4 26. Bd3 Bf6 27. Re1 Rf7 28. Kg1 a6 29. Re4 Qc7 30. Rg4 Re7 31. Rxg6+ Kf7 32. Be4 b5 33. Rxh6 Qf4 34. Rh7+ Bg7 35. Bd5+ Kg6 36. Qxe7 Kxh7 37. Bxa8 d3 38. Qe4+ Qxe4 39. Bxe4+ Kh6 40. Bxd3 Bxb2 41. Re6+ Kg7 42. Rxa6 1-0

[Event "Berlin Eckbauer op 13th"]
[Site "Berlin"]
[Date "2010.09.13"]
[Round "1.8"]
[White "Mueller, Erhard"]
[Black "Kampf, Guenther"]
[Result "0-1"]
[WhiteElo "1941"]
[BlackElo "2021"]
[PlyCount "104"]
[EventDate "2010.09.13"]
[EventType "swiss"]
[EventRounds "7"]
[EventCountry "GER"]
[SourceTitle "EXT 2022"]
[Source "ChessBase"]
[SourceDate "2021.10.06"]
[SourceVersion "1"]
[SourceVersionDate "2021.10.06"]
[SourceQuality "1"]

1. d4 d5 2. Nf3 Bf5 3. c4 e6 4. Nc3 c6 5. e3 Nd7 6. Bd3 Bxd3 7. Qxd3 Ngf6 8. 0-0 Bb4 9. a3 Bxc3 10. Qxc3 0-0 11. b3 Ne4 12. Qc2 f5 13. Nd2 Nxd2 14. Bxd2 Nf6 15. f3 Qd7 16. Rac1 Rf7 17. Qd3 g6 18. Rc2 Rc8 19. Rfc1 Rff8 20. Bb4 Rfe8 21. Be1 Qd6 22. Bb4 Qb8 23. Be1 Qd6 24. b4 Rcd8 25. Bg3 Qe7 26. Bh4 Rd7 27. Re2 Qf7 28. Bg3 a6 29. Be5 Rdd8 30. b5 dxc4 31. Qxc4 axb5 32. Qb4 Ra8 33. Rc3 Nd5 34. Qb3 Nxc3 35. Qxc3 Qe7 36. Qb4 Ra4 37. Qxe7 Rxe7 38. Bd6 Rd7 39. Bc5 Rc4 40. Bb4 Kf7 41. Kf2 b6 42. Rb2 f4 43. Bd2 fxe3+ 44. Bxe3 Ra7 45. Rb3 Rc2+ 46. Kg3 Ke7 47. Bf4 Kd7 48. Rd3 Ra4 49. h4 Rac4 50. Kh3 R2c3 51. Re3 Rxe3 52. Bxe3 Rc3 0-1

[Event "Berlin-ch Seniors op 26th"]
[Site "Berlin"]
[Date "2010.02.14"]
[Round "6"]
[White "Mueller, Erhard"]
[Black "Barwich, Alfred"]
[Result "0-1"]
[WhiteElo "1602"]
[BlackElo "1817"]
[PlyCount "94"]
[EventDate "2010.02.09"]
[EventType "swiss"]
[EventRounds "9"]
[EventCountry "GER"]
[SourceTitle "EXT 2012"]
[Source "ChessBase"]
[SourceDate "2011.11.24"]
[SourceVersion "1"]
[SourceVersionDate "2011.11.24"]
[SourceQuality "1"]

1. d4 d5 2. Nf3 Nf6 3. c4 c6 4. Qc2 e6 5. g3 Na6 6. a3 Nc7 7. Bg2 Be7 8. 0-0 0-0 9. Ne5 Nd7 10. Nf3 Ne8 11. cxd5 exd5 12. Nc3 Nd6 13. Bf4 Re8 14. b4 Nf6 15. a4 Bf5 16. Qb3 Nc4 17. Nd2 Nxd2 18. Bxd2 Qb6 19. b5 Qxd4 20. Be3 Qb4 21. Qxb4 Bxb4 22. Rfc1 Ng4 23. bxc6 Nxe3 24. fxe3 bxc6 25. Kf2 Re7 26. Bxd5 Bxc3 27. Bxf7+ Rxf7 28. Rxc3 Be4+ 29. Ke1 Raf8 30. Rd1 Rf1+ 31. Kd2 Rd8+ 32. Rd3 Rxd3+ 33. exd3 Rxd1+ 34. Kxd1 Bxd3 35. Kd2 Ba6 36. Kc3 Kf7 37. Kd4 Ke7 38. Ke5 Kd7 39. h4 Bf1 40. a5 Bb5 41. e4 Ke7 42. Kd4 Bf1 43. g4 Bg2 44. g5 Kd6 45. e5+ Ke6 46. h5 h6 47. gxh6 gxh6 0-1

[Event "Berlin Eckbauer op 12th"]
[Site "Berlin"]
[Date "2009.11.03"]
[Round "7.21"]
[White "Mueller, Erhard"]
[Black "Goldstein, Roman"]
[Result "1/2-1/2"]
[WhiteElo "1967"]
[BlackElo "1447"]
[PlyCount "56"]
[EventDate "2009.09.14"]
[EventType "swiss"]
[EventRounds "7"]
[EventCountry "GER"]
[SourceTitle "EXT 2022"]
[Source "ChessBase"]
[SourceDate "2021.10.06"]
[SourceVersion "1"]
[SourceVersionDate "2021.10.06"]
[SourceQuality "1"]

1. Nf3 c5 2. d4 cxd4 3. Nxd4 Nc6 4. c3 d5 5. g3 e6 6. Bg2 Nf6 7. Nd2 Be7 8. N2f3 0-0 9. 0-0 Re8 10. Bf4 Qb6 11. b3 Ne4 12. Qc2 Bf6 13. Be3 Qd8 14. Rac1 Bd7 15. Rfd1 Rc8 16. Qb1 e5 17. Nxc6 Rxc6 18. c4 Bf5 19. Rxd5 Qc7 20. Qb2 Rd6 21. Rcd1 Red8 22. Qc1 Rxd5 23. Rxd5 Rxd5 24. cxd5 Qa5 25. Nd2 Nc3 26. Bf1 Nxd5 27. Nc4 Qxa2 28. Nd6 Be6 1/2-1/2

[Event "Berlin Eckbauer op 12th"]
[Site "Berlin"]
[Date "2009.10.10"]
[Round "5.25"]
[White "Mueller, Erhard"]
[Black "Stadelmann, Bernd"]
[Result "1-0"]
[WhiteElo "1967"]
[BlackElo "1409"]
[PlyCount "43"]
[EventDate "2009.09.14"]
[EventType "swiss"]
[EventRounds "7"]
[EventCountry "GER"]
[SourceTitle "EXT 2022"]
[Source "ChessBase"]
[SourceDate "2021.10.06"]
[SourceVersion "1"]
[SourceVersionDate "2021.10.06"]
[SourceQuality "1"]

1. d4 d5 2. c4 e5 3. dxe5 d4 4. Nf3 Nc6 5. g3 Be6 6. Bg5 Qd7 7. Qc1 h6 8. Bd2 f6 9. exf6 Nxf6 10. Bg2 g5 11. 0-0 0-0-0 12. Rd1 Qf7 13. c5 Ne4 14. Rf1 Bf5 15. e3 Bxc5 16. exd4 Bxd4 17. Nxd4 Nxd4 18. Kh1 Nc2 19. Bc3 Rhe8 20. Qxc2 Nxg3+ 21. fxg3 Bxc2 22. Rxf7 1-0

[Event "Berlin-ch Seniors op 25th"]
[Site "Berlin"]
[Date "2009.02.20"]
[Round "9"]
[White "Mueller, Erhard"]
[Black "Tuertmann, Dieter"]
[Result "1-0"]
[WhiteElo "1659"]
[BlackElo "1990"]
[PlyCount "141"]
[EventDate "2009.02.12"]
[EventType "swiss"]
[EventRounds "9"]
[EventCountry "GER"]
[SourceTitle "EXT 2022"]
[Source "ChessBase"]
[SourceDate "2021.10.06"]
[SourceVersion "1"]
[SourceVersionDate "2021.10.06"]
[SourceQuality "1"]

1. d4 Nf6 2. c4 e6 3. Nc3 Bb4 4. Qc2 0-0 5. Nf3 h6 6. e3 b6 7. Be2 Bb7 8. 0-0 Bxc3 9. Qxc3 c5 10. Rd1 Qc7 11. dxc5 bxc5 12. b3 Ng4 13. g3 d6 14. Bb2 Nf6 15. Ne1 Rd8 16. Bf3 Nc6 17. Bg2 Ne5 18. Bxb7 Qxb7 19. Qc2 Nf3+ 20. Nxf3 Qxf3 21. Bxf6 Qxf6 22. Rac1 a5 23. Qc3 Qe7 24. Qc2 Ra6 25. Rd3 Qb7 26. Rcd1 Qc7 27. R1d2 Rb8 28. e4 f6 29. Qd1 Rbb6 30. Qg4 Qf7 31. Qf4 Qe7 32. Qg4 a4 33. Qd1 axb3 34. Rxb3 Qb7 35. Rxd6 Rxb3 36. Rd8+ Kh7 37. axb3 Qxe4 38. Rd2 f5 39. Re2 Qf3 40. Re1 Qc3 41. Re3 Qf6 42. Kg2 Qe7 43. Qd3 g6 44. Qd1 Kg7 45. Rd3 Ra7 46. Qe2 g5 47. Qe5+ Qf6 48. Qxc5 Re7 49. Qd4 Rb7 50. Qxf6+ Kxf6 51. c5 Ke5 52. Kf3 h5 53. Ke3 f4+ 54. Kd2 Ke4 55. f3+ Ke5 56. Kc3 fxg3 57. hxg3 h4 58. gxh4 gxh4 59. Kc4 h3 60. f4+ Kxf4 61. Rxh3 e5 62. b4 e4 63. c6 Rb8 64. b5 e3 65. Rh5 Re8 66. c7 e2 67. Rh1 Rc8 68. b6 Ke5 69. Kc5 Rf8 70. Re1 Ke6 71. Kc6 1-0

[Event "Berlin-ch Seniors op 25th"]
[Site "Berlin"]
[Date "2009.02.18"]
[Round "7.33"]
[White "Mueller, Erhard"]
[Black "Barwich, Alfred"]
[Result "1-0"]
[WhiteElo "1659"]
[BlackElo "1888"]
[PlyCount "109"]
[EventDate "2009.02.12"]
[EventType "swiss"]
[EventRounds "9"]
[EventCountry "GER"]
[SourceTitle "EXT 2022"]
[Source "ChessBase"]
[SourceDate "2021.10.06"]
[SourceVersion "1"]
[SourceVersionDate "2021.10.06"]
[SourceQuality "1"]

1. d4 Nf6 2. c4 e6 3. Nc3 d5 4. cxd5 exd5 5. Nf3 c6 6. e3 Bd6 7. Be2 Nbd7 8. Qc2 Qe7 9. 0-0 Nf8 10. Re1 Ng6 11. e4 dxe4 12. Bd3 0-0 13. Nxe4 Nxe4 14. Bxe4 Qc7 15. g3 Bg4 16. Kg2 Rae8 17. Be3 Qd7 18. Ng1 Rxe4 19. Qxe4 Bb4 20. Rec1 Bf5 21. Qf3 Be6 22. Qd1 Bd5+ 23. Kf1 f5 24. Nh3 f4 25. Nxf4 Nxf4 26. Bxf4 Qh3+ 27. Ke2 Rxf4 28. Qd3 Rf3 29. Qxf3 Bxf3+ 30. Kxf3 h5 31. a3 Bd6 32. Re1 Qg4+ 33. Kg2 h4 34. h3 Qf5 35. Re8+ Kf7 36. Rae1 Qd5+ 37. Kg1 hxg3 38. fxg3 Qxd4+ 39. Kg2 Qxb2+ 40. R8e2 Qxa3 41. Rf1+ Kg8 42. Rf3 Qc5 43. g4 a5 44. Rf5 Qb4 45. Re8+ Bf8 46. g5 a4 47. g6 a3 48. Ra8 Qd6 49. Kf3 a2 50. h4 Qa3+ 51. Rxa3 Bxa3 52. Ra5 Bf8 53. Rxa2 b5 54. Ke4 c5 55. Ra5 1-0

[Event "Berlin-ch Seniors op 25th"]
[Site "Berlin"]
[Date "2009.02.12"]
[Round "1"]
[White "Mueller, Erhard"]
[Black "Nietsch, Horst"]
[Result "0-1"]
[WhiteElo "1659"]
[BlackElo "2013"]
[PlyCount "122"]
[EventDate "2009.02.12"]
[EventType "swiss"]
[EventRounds "9"]
[EventCountry "GER"]
[SourceTitle "EXT 2022"]
[Source "ChessBase"]
[SourceDate "2021.10.06"]
[SourceVersion "1"]
[SourceVersionDate "2021.10.06"]
[SourceQuality "1"]

1. d4 c5 2. Nf3 cxd4 3. Nxd4 Nc6 4. c3 Nf6 5. g3 e5 6. Nf3 d5 7. Bg2 Bd6 8. 0-0 0-0 9. Bg5 Be6 10. Nbd2 h6 11. Bxf6 Qxf6 12. e4 Rfd8 13. Qe2 Qe7 14. a3 a6 15. exd5 Bxd5 16. Ne4 Bc7 17. Rfe1 f5 18. Ned2 e4 19. Nd4 Nxd4 20. cxd4 Qf6 21. Rad1 Bc6 22. Qc4+ Kh7 23. Nf1 Bb6 24. d5 Bb5 25. Qb3 Ba5 26. Ne3 Bxe1 27. Rxe1 Bd3 28. Bh3 g6 29. Qxb7+ Qg7 30. Qc6 Rac8 31. Qe6 Re8 32. Qb6 Rb8 33. Qc6 Bb5 34. Qc2 Rec8 35. Qd2 Qf6 36. Ng2 Qg7 37. Ne3 Bd3 38. Bf1 Rxb2 39. Qa5 Qc3 40. Qa4 Rd8 41. Ra1 Qd2 42. Nd1 Rb1 43. Rxb1 Bxb1 44. Ne3 Bd3 45. Qc6 Qa5 46. Qf6 Qc7 47. Bxd3 exd3 48. Qd4 Qc1+ 49. Kg2 Qxa3 50. Qf6 Rf8 51. Qe6 Qb4 52. Qxa6 Qe4+ 53. Kg1 f4 54. Qd6 Rf7 55. gxf4 Qxf4 56. Qxf4 Rxf4 57. Kf1 Kg7 58. Ke1 Kf6 59. d6 Ke6 60. Kd2 Rxf2+ 61. Kxd3 Kxd6 0-1